000 00381nam a2200157Ia 4500
008 151213s9999 xx 000 0 und d
100 _aR.K.Kane
245 _aThe play boy of the western world
_cR.K.Kane
250 _a1st
260 _aNew Delhi
_bOxford University
_c1990
300 _a2487 p.
650 _aEnglish
650 _aEnglish
700 _aR.K.Kane
999 _c1706
_d1706